header

Invisible country (Record no. 173824)

MARC details
000 -LEADER
fixed length control field 01116nam a2200289 a 4500
245 00 - TITLE STATEMENT
Title Invisible country
260 ## - PUBLICATION, DISTRIBUTION, ETC. (IMPRINT)
Place of publication Bristol :
Name of publisher Intellect,
Year of publication 2012.
300 ## - PHYSICAL DESCRIPTION
Number of Pages 295 p. :
Other physical details ill., map.
650 #0 - SUBJECT ADDED ENTRY--TOPICAL TERM
Topical Term Polish drama
700 1# - ADDED ENTRY--PERSONAL NAME
Personal name Murjas, Teresa.
856 40 - ELECTRONIC LOCATION AND ACCESS
Uniform Resource Identifier http://site.ebrary.com/lib/rucke/Doc?id=10651464

No items available.

© 2026 Rongo University
Contact us: librarian | system librarian | Rongo university